header

African pottery roulettes past and present (Record no. 9020)

MARC details
000 -LEADER
fixed length control field 01546nam a2200373 a 4500
001 - CONTROL NUMBER
control field ebr10695210
003 - CONTROL NUMBER IDENTIFIER
control field CaPaEBR
006 - FIXED-LENGTH DATA ELEMENTS--ADDITIONAL MATERIAL CHARACTERISTICS--GENERAL INFORMATION
fixed length control field m u
007 - PHYSICAL DESCRIPTION FIXED FIELD--GENERAL INFORMATION
fixed length control field cr cn|||||||||
008 - FIXED-LENGTH DATA ELEMENTS--GENERAL INFORMATION
fixed length control field 100716s2010 enkab sb 000 0 eng d
010 ## - LIBRARY OF CONGRESS CONTROL NUMBER
Canceled/invalid LC control number 2010029150
020 ## - INTERNATIONAL STANDARD BOOK NUMBER
Cancelled/invalid ISBN 9781842179680 (pbk.)
Cancelled/invalid ISBN 1842179683 (pbk.)
Cancelled/invalid ISBN 9781842178751 (e-book)
040 ## - CATALOGING SOURCE
Original cataloging agency CaPaEBR
Transcribing agency CaPaEBR
035 ## - SYSTEM CONTROL NUMBER
System control number (OCoLC)841171358
043 ## - GEOGRAPHIC AREA CODE
Geographic area code f------
050 14 - LIBRARY OF CONGRESS CALL NUMBER
Classification number NK4173
Item number .A35 2010eb
082 04 - DEWEY DECIMAL CLASSIFICATION NUMBER
Classification number 738.3096
Edition number 22
245 00 - TITLE STATEMENT
Title African pottery roulettes past and present
Medium [electronic resource] :
Remainder of title techniques, identification and distribution /
Statement of responsibility, etc edited by A. Haour ... [et al.].
260 ## - PUBLICATION, DISTRIBUTION, ETC. (IMPRINT)
Place of publication, distribution, etc Oxford ;
-- Oakville, Conn. :
Name of publisher, distributor, etc Oxbow Books,
Date of publication, distribution, etc c2010.
300 ## - PHYSICAL DESCRIPTION
Extent xii, 196 p. :
Other physical details ill., maps.
504 ## - BIBLIOGRAPHY, ETC. NOTE
Bibliography, etc Includes bibliographical references.
505 0# - FORMATTED CONTENTS NOTE
Formatted contents note section 1. Modern roulettes in sub-Saharan Africa -- section 2. A method of identification for rolled impressed decorations.
533 ## - REPRODUCTION NOTE
Type of reproduction Electronic reproduction.
Place of reproduction Palo Alto, Calif. :
Agency responsible for reproduction ebrary,
Date of reproduction 2013.
Note about reproduction Available via World Wide Web.
-- Access may be limited to ebrary affiliated libraries.
650 #0 - SUBJECT ADDED ENTRY--TOPICAL TERM
Topical term or geographic name as entry element Pottery, African
General subdivision Technique.
Topical term or geographic name as entry element Pottery, African
General subdivision Identification.
Topical term or geographic name as entry element Artists' tools
Geographic subdivision Africa.
Topical term or geographic name as entry element Pottery
Geographic subdivision Africa
General subdivision Marks.
655 #7 - INDEX TERM--GENRE/FORM
Genre/form data or focus term Electronic books.
Source of term local
700 1# - ADDED ENTRY--PERSONAL NAME
Personal name Haour, Anne.
710 2# - ADDED ENTRY--CORPORATE NAME
Corporate name or jurisdiction name as entry element ebrary, Inc.
856 40 - ELECTRONIC LOCATION AND ACCESS
Uniform Resource Identifier <a href="http://site.ebrary.com/lib/rucke/Doc?id=10695210">http://site.ebrary.com/lib/rucke/Doc?id=10695210</a>
Public note An electronic book accessible through the World Wide Web; click to view

No items available.

© 2026 Rongo University
Contact us: librarian | system librarian | Rongo university